Statistics for Most Recent Countries to Recognize Israel

Click here to take the quiz!

General Stats

  • This quiz has been taken 34 times
  • The average score is 4 of 12

Answer Stats

DateCountry% Correct
Aug 2020United Arab Emirates
97%
Sep 2020Bahrain
90%
Jul 2006Montenegro
32%
Jan 2019Chad
29%
Jul 2016Guinea
26%
Dec 1995North Macedonia
19%
Nov 2019Bolivia
16%
Mar 2017Nicaragua
16%
Sep 2009Maldives
10%
Feb 1995Tanzania
10%
Mar 1995Burundi
10%
Mar 1995San Marino
3%

Score Distribution

Percentile by Number Answered

Percent of People with Each Score

Your Score History

You have not taken this quiz